000 00996nam0a22002891 4500
001 v19\rc\1820149
005 20250619132921.0
035 _a(NLR Aleph) 004918161
090 _a5549327
_c5549327
100 _a20071224e19071907|||y0rusy50 ca
101 0 _arus
102 _aRU
105 _ay z |||||
200 1 _aОжидание и действительность
_e(Из своего угла)
_e[Заметки о Всерос. съезде воспитанников семинарий]
_fР.С.
210 _aХарьков
_cтип. "Мирный труд"
_d1907
215 _a17 с.
_d28
300 _aПеред загл.: Р.С.
311 _aОтт. из журн. "Мир. труд". 1907
488 0 _12001#$aМирный труд$v1907
_tМирный труд
702 0 _aР.С.
_4220
801 0 _aRU
_bNLR
_gpsbo
801 0 _aRU
_bRuMoRGB
_2psbo
801 1 _aRU
_bProSoft-M
_2rusmarc
852 _aNLR
_j62-6/6189
899 _aRuMoRGB
_jU 42/2028
942 _cBOOK
980 _aNB